000 00622nam a2200169 4500
001 16041
005 20230411085950.0
008 060907n1998 dr spa
035 _9funglode16174
041 _aES
100 _aCastillo, Emmanuel
245 1 _aPracticas democraticas, manejo de cuencas y agricultura sostenible :
_bestudio de tres casos en República Dominicana /
_cEmmanuel Castillo, Michael Hanrahan, Carlos A. Rivas A
260 _a[s.l.] :
_bAgencia para el Desarrollo Internacional, USAID,
_c1998
300 _a70 p.
700 _aHanrahan, Michael \ Rivas A. Carlos A
942 _2lcc
_cbk
999 _c110120
_d110120